<?xml version="1.0" encoding="UTF-8"?><?xml-stylesheet type="text/xsl" href="static/style.xsl"?><OAI-PMH xmlns="http://www.openarchives.org/OAI/2.0/" xmlns:xsi="http://www.w3.org/2001/XMLSchema-instance" xsi:schemaLocation="http://www.openarchives.org/OAI/2.0/ http://www.openarchives.org/OAI/2.0/OAI-PMH.xsd"><responseDate>2026-04-17T05:43:47Z</responseDate><request verb="GetRecord" identifier="oai:www.recercat.cat:2117/432691" metadataPrefix="marc">https://recercat.cat/oai/request</request><GetRecord><record><header><identifier>oai:recercat.cat:2117/432691</identifier><datestamp>2026-01-24T06:32:38Z</datestamp><setSpec>com_2072_1033</setSpec><setSpec>col_2072_452950</setSpec></header><metadata><record xmlns="http://www.loc.gov/MARC21/slim" xmlns:dcterms="http://purl.org/dc/terms/" xmlns:xsi="http://www.w3.org/2001/XMLSchema-instance" xmlns:doc="http://www.lyncode.com/xoai" xsi:schemaLocation="http://www.loc.gov/MARC21/slim http://www.loc.gov/standards/marcxml/schema/MARC21slim.xsd">
   <leader>00925njm 22002777a 4500</leader>
   <datafield ind2=" " ind1=" " tag="042">
      <subfield code="a">dc</subfield>
   </datafield>
   <datafield ind2=" " ind1=" " tag="720">
      <subfield code="a">Sadrolodabaee, Payam</subfield>
      <subfield code="e">author</subfield>
   </datafield>
   <datafield ind2=" " ind1=" " tag="720">
      <subfield code="a">Fuente Antequera, Albert de la</subfield>
      <subfield code="e">author</subfield>
   </datafield>
   <datafield ind2=" " ind1=" " tag="720">
      <subfield code="a">Ardanuy Raso, Mònica</subfield>
      <subfield code="e">author</subfield>
   </datafield>
   <datafield ind2=" " ind1=" " tag="720">
      <subfield code="a">Claramunt Blanes, Josep</subfield>
      <subfield code="e">author</subfield>
   </datafield>
   <datafield ind2=" " ind1=" " tag="260">
      <subfield code="c">2025</subfield>
   </datafield>
   <datafield ind2=" " ind1=" " tag="520">
      <subfield code="a">In the transition towards a circular economy, the use of waste and byproduct materials in construction is gaining attention for its potential to enhance sustainability. This study examines the mechanical properties —including flexural and compressive strengths— of various ternary matrices, known as limestone calcined clay cement (LC3), developed with residue fillers and metakaolin. Subsequently, laminated textile-reinforced mortar (TRM) panels were fabricated using 100% Portland cement (PC) and an optimized LC3 matrix (containing = 50% PC). These TRM panels, structured as sandwich-like laminates, were reinforced with nonwoven fabrics made from textile waste (TW) fibers sourced from  garment industries. Results revealed that the mechanical properties of LC3 matrices were comparable to conventional PC, achieving flexural and compressive strengths exceeding 10 MPa and 120 MPa (at 28 days), respectively. Both LC3 and PC-based TRM plates demonstrated flexural-hardening behavior, achieving flexural strength of greater 10.0 MPa and energy absorption above 5.0 kJ/m2 (at 7 days). The study highlights that reducing PC content to = 50%, replacing limestone powder with filler wastes, and utilizing recycled fibers as reinforcement can meet the performance requirements of cement panel boards for limited structural applications, contributing significantly to sustainable construction practices.</subfield>
   </datafield>
   <datafield ind2=" " ind1=" " tag="520">
      <subfield code="a">This research project was funded by the Spanish Ministry of Economy, Industry, and Competitiveness (Government of Spain) under the scope of the RECYBUILDMAT (PID2019-108067RB-I00/AEI/10.13039/501100011033). The first author expresses his gratitude to the UK Research and Innovation (UKRI)—Innovate UK for the financial support received under the scope of the Knowledge Transfer Partnerships (KTP) program between Aston University and Miles Macadam Ltd.</subfield>
   </datafield>
   <datafield ind2=" " ind1=" " tag="520">
      <subfield code="a">Peer Reviewed</subfield>
   </datafield>
   <datafield ind2=" " ind1=" " tag="520">
      <subfield code="a">Objectius de Desenvolupament Sostenible::9 - Indústria, Innovació i Infraestructura</subfield>
   </datafield>
   <datafield ind2=" " ind1=" " tag="520">
      <subfield code="a">Objectius de Desenvolupament Sostenible::11 - Ciutats i Comunitats Sostenibles</subfield>
   </datafield>
   <datafield ind2=" " ind1=" " tag="520">
      <subfield code="a">Objectius de Desenvolupament Sostenible::12 - Producció i Consum Responsables</subfield>
   </datafield>
   <datafield ind2=" " ind1=" " tag="520">
      <subfield code="a">Postprint (published version)</subfield>
   </datafield>
   <datafield tag="653" ind2=" " ind1=" ">
      <subfield code="a">Àrees temàtiques de la UPC::Enginyeria civil::Materials i estructures</subfield>
   </datafield>
   <datafield tag="653" ind2=" " ind1=" ">
      <subfield code="a">FRCM</subfield>
   </datafield>
   <datafield tag="653" ind2=" " ind1=" ">
      <subfield code="a">TRM</subfield>
   </datafield>
   <datafield tag="653" ind2=" " ind1=" ">
      <subfield code="a">Limestone calcined clay</subfield>
   </datafield>
   <datafield tag="653" ind2=" " ind1=" ">
      <subfield code="a">Textile waste</subfield>
   </datafield>
   <datafield tag="653" ind2=" " ind1=" ">
      <subfield code="a">Filler waste</subfield>
   </datafield>
   <datafield tag="653" ind2=" " ind1=" ">
      <subfield code="a">Mechanical properties</subfield>
   </datafield>
   <datafield tag="653" ind2=" " ind1=" ">
      <subfield code="a">Waste valorization</subfield>
   </datafield>
   <datafield ind2="0" ind1="0" tag="245">
      <subfield code="a">Developing Textile Reinforced LC3 Mortar Panels with Recycled Textile Waste Fibers and Residue Fillers</subfield>
   </datafield>
</record></metadata></record></GetRecord></OAI-PMH>